000 00569nam a22001697a 4500
005 20251108173302.0
008 250721s2003 xx 000 0 ara d
082 1 4 _a818.03/شيخ
100 1 _aالشيخ، ممدوح
245 1 0 _aإعترافات حافظ نجيب : مغامرات جريئة مدهشة وقعت في نصف قرن /
264 1 _aبيروت :
_bمؤسسة الانتشار العربي،
_c2003.
300 _a412 ص.
650 1 7 _aالمذكرات الشخصية
650 1 7 _aالادب العربي
942 _2ddc
_cBK
999 _c100377
_d100377